Die 2 größten Städte pro Land #3 - Statistiken

Allgemein
  • Dieses Quiz wurde 81 mal gespielt
  • Das Durchschnittsergebnis liegt bei 56 aus 124
Antwortstatistiken
Land Städte % Korrekt
Rumänien Bukarest
94%
Russland Moskau
94%
Polen Warschau
94%
Schweiz Zürich
94%
Peru Lima
93%
Portugal Lissabon
93%
Porto
91%
Südkorea Seoul
91%
St. Petersburg
91%
Türkei Istanbul
90%
Spanien Madrid
90%
Ankara
88%
Barcelona
88%
Ukraine Kiew
88%
Tschechien Prag
88%
Vatikanstadt Vatikanstadt
88%
Serbien Belgrad
87%
Los Angeles
87%
Schweden Stockholm
87%
Slowakei Bratislava
86%
Ungarn Budapest
86%
Genf
86%
Krakau
86%
Thailand Bangkok
84%
Südafrika Johannesburg
84%
Slowenien Ljubljana
84%
Singapur Singapur
84%
Zypern Nikosia
83%
Tunesien Tunis
83%
Vereinigte Arab.Emirate Dubai
81%
Kapstadt
81%
Uruguay Montevideo
80%
Göteborg
78%
Kara
78%
Manila
78%
Abu Dhabi
77%
Caracas
77%
Hanoi
77%
Saudi-Arabien Riad
77%
Damaskus
75%
Paraguay Asunción
72%
Dakar
70%
Sri Lanka Colombo
68%
Papua-Neuguinea Port Moresby
68%
Usbekistan Taschkent
65%
Somalia Mogadischu
62%
São Tomé und Príncipe São Tomé
62%
Syrien Aleppo
61%
Sierra Leone Freetown
61%
Uganda Kampala
61%
Ruanda Kigali
59%
Khartum
58%
Brünn
55%
Simbabwe Harare
55%
Togo Lomé
55%
Vereinigte Staaten New York City
55%
Seychellen Victoria
55%
Turkmenistan Aşgabat
54%
Cluj
52%
Südsudan Juba
52%
Suriname Paramaribo
52%
Maribor
51%
Novi Sad
51%
Busan
49%
Sambia Lusaka
49%
Tansania Daressalam
48%
Zentralafrik.Republik Bangui
46%
Tadschikistan Duschanbe
45%
Tschad N'Djamena
45%
Charkiw
43%
Tuvalu Funafuti
39%
Dschidda
38%
St. Vincent unddie Grenadinen Kingstown
36%
Limassol
36%
Samoa Apia
35%
St. Lucia Castries
35%
St. Kitts und Nevis Basseterre
30%
Salomonen Honiara
30%
Vanuatu Port Vila
30%
Košice
29%
Tonga Nukuʻalofa
28%
Debrecen
25%
Vietnam Ho Chi Minh City
17%
Venezuela Maracaibo
17%
Arequipa
16%
Sfax
14%
Philippinen Quezon
13%
Georgetown
10%
Hargeysa
9%
Lae
7%
Taiwan Neu-Taipeh
7%
Ciudad del Este
4%
Mwanza
4%
Sudan Omdurman
4%
Nonthaburi
3%
Taichung
3%
Türkmenabat
3%
Bimbo
1%
Ciudad de laCosta
1%
Waterloo
1%
Wau
1%
Beton
0%
Borgo Maggiore
0%
Bulayawo
0%
Trinidad undTobago Chaguanas
0%
Charlestown
0%
Chudschand
0%
De Quincey
0%
Gisenyi
0%
Kaduwela
0%
Lelydorp
0%
Luanville
0%
Motufoua
0%
Moundou
0%
Muʻa
0%
Namangan
0%
Nansana
0%
Neves
0%
Senegal Pikine
0%
San Fernando
0%
San Marino Seravelle
0%
Tandai
0%
Vaitele
0%
Witwe
0%
Keine übereinstimmenden Quizze gefunden
Verteilung der Resultate
Anzahl Personen mit jedem Resultat
Perzentil nach korrekt beantworteten Fragen
Ihre Resultats-Entwicklung
Sie haben dieses Quiz noch nicht gespielt